|
|
|
|
| LEADER |
01915nam a2200517 i 4500 |
| 001 |
nkc20172883078 |
| 003 |
CZ PrNK |
| 005 |
20170412131917.0 |
| 007 |
ta |
| 008 |
170228s2017 xr ae e 000 0 cze |
| 015 |
|
|
|a cnb002883078
|
| 020 |
|
|
|a 978-80-85115-31-4
|q (brožováno)
|
| 035 |
|
|
|a (OCoLC)982100365
|
| 040 |
|
|
|a BOA001
|b cze
|e rda
|
| 043 |
|
|
|a e-xr---
|b e-xr-us
|2 czenas
|
| 072 |
|
7 |
|a 72
|x Architektura
|2 Konspekt
|9 21
|
| 080 |
|
|
|a 631.365
|2 MRF
|
| 080 |
|
|
|a 721:904
|2 MRF
|
| 080 |
|
|
|a 69.01/.03:72.025.5
|2 MRF
|
| 080 |
|
|
|a (437.315)
|2 MRF
|
| 080 |
|
|
|a (084.12)
|2 MRF
|
| 100 |
1 |
|
|a Svoboda, Petr,
|d 1960 únor 15.-
|7 mzk2006368434
|4 pht
|
| 245 |
1 |
0 |
|a Sušárna chmele v Žatci - budoucí galerie umění /
|c foto: Svoboda P.
|
| 264 |
|
1 |
|a V Mostě :
|b Galerie výtvarného umění,
|c 2017
|
| 300 |
|
|
|a 147 nečíslovaných stran :
|b ilustrace (převážně barevné), plány ;
|c 27 cm
|
| 336 |
|
|
|a text
|b txt
|2 rdacontent
|
| 336 |
|
|
|a statický obraz
|b sti
|2 rdacontent
|
| 337 |
|
|
|a bez média
|b n
|2 rdamedia
|
| 338 |
|
|
|a svazek
|b nc
|2 rdacarrier
|
| 500 |
|
|
|a 53 výtisků
|
| 650 |
0 |
7 |
|a sušárny zemědělských plodin
|7 ph386365
|z Česko
|2 czenas
|
| 650 |
0 |
7 |
|a historické budovy
|7 ph120726
|z Česko
|2 czenas
|
| 650 |
0 |
7 |
|a konverze staveb
|7 ph221977
|z Česko
|2 czenas
|
| 650 |
0 |
9 |
|a crop dryers
|z Czechia
|2 eczenas
|
| 650 |
0 |
9 |
|a historic buildings
|z Czechia
|2 eczenas
|
| 650 |
0 |
9 |
|a building conversion and renovation
|z Czechia
|2 eczenas
|
| 651 |
|
7 |
|a Žatec (Louny, Česko)
|7 ge131588
|2 czenas
|
| 651 |
|
9 |
|a Žatec (Louny, Czechia)
|2 eczenas
|
| 655 |
|
7 |
|a fotografické publikace
|7 fd132276
|2 czenas
|
| 655 |
|
9 |
|a photographical works
|2 eczenas
|
| 910 |
2 |
|
|a BOA001
|b 3-1386.016
|
| 928 |
9 |
|
|a Galerie výtvarného umění v Mostě
|
| 990 |
|
|
|a BK
|
| 995 |
|
|
|a 01
|
| 991 |
|
|
|b 201703
|c NOV
|
| 996 |
6 |
|
|b 2610699990
|c 3-1386.016
|l MZK
|r Sklad / do 1 hodiny
|n 0
|p p.v.
|w 001602063
|u 000010
|a 1
|e BOA001
|j MZK50
|s P
|